000 01119nam a2200301 a 4500
001 000115264
003 CHAP
005 20220329144526.0
008 190122s2018 mx sm |||||||spa d
010 _a111725
011 _a112697
040 _cCHAP
090 _aTesis
100 1 _aRobledo Esqueda, Samantha Jazmín.
_9126609
245 1 0 _aIncidencia de ácaros fitófagos en frambuesa roja (Rubus idaeus L.) CV. Autumn Bliss en respuesta a la fertilización foliar
_h[En línea]
_cpor Samantha Jazmín Robledo Esqueda.
260 _aChapingo, Méx. :
_bEl autor,
_c2018.
500 _aPara ver el contenido del material haga clic en la liga
502 _aTesis (M. C. en Horticultura) -- UACH. Departamento de Fitotecnia
590 _aE5765TAJ
_b05
_c20190122
_lUCH01
_h1121
590 _aE5765TAJ
_b05
_c20190122
_lUCH01
_h1122
650 1 4 _aÁcaros fitófagos
_xIdentificación.
_9130836
650 1 4 _aFertilización foliar.
_940445
650 1 4 _aFrambuesa
_xPlagas.
_942888
856 _aFinding aid
_uhttp://10.13.5.2/tesis/sist115264.pdf
_zTeclea aquí
901 _aBK
942 _cTESIS
942 _n0
999 _c111725
_d111725